| 000 | 00536cam a22001571 4500 | ||
|---|---|---|---|
| 082 | 0 | 0 |
_a539.7213 _bWEI _cL-7, P-38. |
| 100 | 1 |
_aWeinberg, Alvin Martin, _940081 |
|
| 245 | 1 | 4 |
_aThe physical theory of neutron chain reactors, _cby Alvin M. Weinberg & Eugene P. Wigner. |
| 260 |
_a[Chicago] _bUniversity of Chicago Press _c[1958] |
||
| 300 |
_a800 p. _billus. _c25 cm. |
||
| 526 |
_a0 _b0 _c0 _d539_721300000000000_WEI |
||
| 650 | 0 |
_aMCE _9379 |
|
| 650 | 0 |
_aNuclear reactors. _940082 |
|
| 700 | 1 |
_aWigner, Eugene Paul, _940083 |
|
| 942 |
_2ddc _cBK |
||
| 999 |
_c544452 _d544452 |
||